Mediocre new homes (Record no. 74566)
[ view plain ]
| 000 -LEADER | |
|---|---|
| fixed length control field | 01545cab a2200253 4500 |
| 001 - CONTROL NUMBER | |
| control field | WB@3612-47 |
| 008 - FIXED-LENGTH DATA ELEMENTS--GENERAL INFORMATION | |
| fixed length control field | 041012n2004 000 0 eng u |
| 035 ## - SYSTEM CONTROL NUMBER | |
| System control number | (Sirsi) u127675 |
| 245 ## - TITLE STATEMENT | |
| Title | Mediocre new homes |
| 260 ## - PUBLICATION, DISTRIBUTION, ETC. | |
| Date of publication, distribution, etc. | 2004 |
| 490 ## - SERIES STATEMENT | |
| Series statement | CABE Press Release |
| Volume/sequential designation | 11 October 2004 (4) |
| 490 ## - SERIES STATEMENT | |
| Series statement | Regeneration and Renewal |
| Volume/sequential designation | 8 October 2004, 2(1) |
| 520 ## - SUMMARY, ETC. | |
| Summary, etc. | Four out of five buyers of new build homes houses and flats have to settle for mediocre properties according to CABE. "Housing audit: assessing the design quality of new homes" is the first phase of the biggest ever audit of housing developments in England and calls on new home buyers to be more demanding. CABE investigated 100 new housing developments across London, the southeast and the east of England, scoring them on their design and suitability for the area where they were built; 22% of the schemes were judged poor, 61% were average and only 17% were good or very good. CABE has also launched a new website (http://www.thehomebuyersguide.org) to coincide with the audit's publication which is designed to give new home buyers clear information on what to look for when purchasing a home. http://www.cabe.org.uk/news/press/showPRelease.asp ?id=669 |
| 590 ## - LOCAL NOTE (RLIN) | |
| Local note | WB |
| 590 ## - LOCAL NOTE (RLIN) | |
| Local note | WB |
| 650 ## - SUBJECT ADDED ENTRY--TOPICAL TERM | |
| Topical term or geographic name entry element | SUSTAINABLE DESIGN |
| 650 ## - SUBJECT ADDED ENTRY--TOPICAL TERM | |
| Topical term or geographic name entry element | NEW DEVELOPMENTS |
| 650 ## - SUBJECT ADDED ENTRY--TOPICAL TERM | |
| Topical term or geographic name entry element | HOUSING DEVELOPMENTS |
| 650 ## - SUBJECT ADDED ENTRY--TOPICAL TERM | |
| Topical term or geographic name entry element | QUALITY STANDARDS |
| 650 ## - SUBJECT ADDED ENTRY--TOPICAL TERM | |
| Topical term or geographic name entry element | HOUSING DESIGN |
| 650 ## - SUBJECT ADDED ENTRY--TOPICAL TERM | |
| Topical term or geographic name entry element | BUILDING FOR LIFE STANDARD |
| 690 ## - LOCAL SUBJECT ADDED ENTRY--TOPICAL TERM (OCLC, RLIN) | |
| Topical term or geographic name as entry element | BUILDING AND CONSTRUCTION-DESIGN AND STRUCTURES |
| 942 ## - ADDED ENTRY ELEMENTS (KOHA) | |
| Suppress in OPAC | 0 |
| Withdrawn status | Lost status | Source of classification or shelving scheme | Damaged status | Not for loan | Home library | Current library | Shelving location | Date acquired | Total Checkouts | Full call number | Barcode | Date last seen | Copy number | Price effective from | Koha item type |
|---|---|---|---|---|---|---|---|---|---|---|---|---|---|---|---|
| Dewey Decimal Classification | London | London | News article | 12/10/2004 | WB403901 | 127675-1001 | 06/08/2019 | 1 | 06/08/2019 | News article |